| 000 | 00907nam a22003017i 4500 | ||
|---|---|---|---|
| 003 | EG-GICUC | ||
| 005 | 20260509143913.0 | ||
| 008 | 260429b1955 su ||||fr|||| 00| 0 fre d | ||
| 040 |
_aEG-GiCUC _bfre _cEG-GiCUC _dEG-GiCUC _eRda |
||
| 041 | _afre | ||
| 082 | 0 | 4 |
_221 _a343.4 _bGR . D |
| 092 | 0 | 4 | _221 |
| 099 | _aLaw1 10 343.4 GR . D 1955 | ||
| 100 | 1 |
_a Graven,Jean _eAuteur |
|
| 245 | 1 | 0 |
_aDroit Pénal Et Défense Sociale / _cJean Graven. |
| 264 |
_aSuisse: _b[Éditeur non identifié], _c1955. |
||
| 300 |
_a53 page ; _c 24 cm. |
||
| 336 |
_2rda contenu _a texte |
||
| 337 |
_2rda medias _aOrdinateur |
||
| 338 |
_2 transporteur rda _a Ressource en ligne |
||
| 546 | _aTexte en français | ||
| 650 | 1 |
_aDroit pénal _2qrmak |
|
| 650 | 1 |
_aDéfense Sociale _2qrmak |
|
| 651 | 1 | _2qrmak | |
| 856 | 4 | 0 | _uhttps://fll.law.cu.edu.eg/fulltext/bks/B10-10100.pdf |
| 905 | _a72 | ||
| 942 |
_2ddc _cBK _e21 _n0 |
||
| 999 |
_c74039 _d74039 |
||